Medida de valor y supresión total de impuestos (Registro nro. 59393)

Detalles MARC
000 -LEADER
campo de control de longitud fija 00738nam a2200205 i 4500
001 - NÚMERO DE CONTROL
campo de control 59393
003 - IDENTIFICADOR DE NÚMERO DE CONTROL
campo de control ES-MaACL
005 - FECHA Y HORA DE LA ÚLTIMA TRANSACCIÓN
campo de control 20250826034822.0
007 - CAMPO FIJO DE DESCRIPCIÓN FÍSICA--INFORMACIÓN GENERAL
campo de control de longitud fija t|
008 - DATOS DE LONGITUD FIJA--INFORMACIÓN GENERAL
campo de control de longitud fija 031028s1955 sp ||||1| spa d
100 1# - ENTRADA PRINCIPAL--NOMBRE DE PERSONA
Nombre de persona Elorriaga, Esteban.
9 (RLIN) 47080
245 10 - MENCIÓN DEL TÍTULO
Título Medida de valor y supresión total de impuestos
Resto del título : para que sea aplicada por los gobernantes de todo el mundo al servicio y bienestar del Estado, capital y trabajo /
Mención de responsabilidad, etc. Esteban Elorriaga ; prólogo de J. Zubizarreta.
260 ## - PUBLICACIÓN, DISTRIBUCIÓN, ETC.
Lugar de publicación, distribución, etc. Madrid :
Nombre del editor, distribuidor, etc. Castilla,
Fecha de publicación, distribución, etc. 1955.
300 ## - DESCRIPCIÓN FÍSICA
Extensión 96 p. ;
Dimensiones 19 cm.
650 07 - PUNTO DE ACCESO ADICIONAL DE MATERIA--TÉRMINO DE MATERIA
Término de materia o nombre geográfico como elemento de entrada Impuestos
Fuente del encabezamiento o término embne
9 (RLIN) 13633
700 1# - ENTRADA AGREGADA--NOMBRE PERSONAL
Nombre de persona Zubizarreta Gutiérrez, José.
9 (RLIN) 118418
852 ## - LOCALIZACIÓN
Ubicación ES-MaACL
Número de control de estantería C-24307
852 ## - LOCALIZACIÓN
Ubicación ES-MaACL
Número de control de estantería E-8385
Existencias
Estatus retirado Estado de pérdida Estado de daño No para préstamo Biblioteca de origen Biblioteca actual Ubicación en estantería Fecha de adquisición Fuente de adquisición Total de préstamos Signatura topográfica completa Código de barras Visto por última vez Precio de reemplazo Tipo de ítem Koha
        Biblioteca del Ateneo de Madrid Biblioteca del Ateneo de Madrid Depósito 2 10/01/2018     E-8385 1198238 23/02/2023 23/02/2023 Libro impreso
        Biblioteca del Ateneo de Madrid Biblioteca del Ateneo de Madrid Depósito 2 17/01/2008     C-24307 1062297 23/02/2023 23/02/2023 Libro impreso